[Event "ch-FRA Blitz Online Qual"]
[Site "Europe-Chess INT"]
[Date "2020.05.16"]
[Round "1"]
[White "Firouzja, Alireza"]
[Black "Rouast, Joseph"]
[Result "1-0"]
[WhiteTitle "GM"]
[WhiteElo "2728"]
[BlackElo "1808"]
[WhiteFideId "12573981"]
[BlackFideId "45147000"]
[EventDate "2020.05.16"]

1. c3 Nf6 2. d4 g6 3. Nd2 Bg7 4. e4 d6 5. Ngf3 O-O 6. Bd3 Bg4 7. h3 Bd7 8. O-O
c5 9. dxc5 dxc5 10. e5 Nd5 11. Ne4 b6 12. Bc4 Bc6 13. Qe2 e6 14. Rd1 Qe7 15. Bg5
Qc7 16. Bxd5 Bxd5 17. Nf6+ Kh8 18. Nxd5 exd5 19. Rxd5 Nc6 20. Rad1 Rae8 21. Bf4
Qc8 22. Rd6 Rd8 23. Qe4 Ne7 24. Rxd8 Rxd8 25. Rxd8+ Qxd8 26. g4 Qd5 27. Qxd5
Nxd5 28. Bg3 Kg8 29. Kf1 Kf8 30. Ke2 Ke7 31. Kd3 Nc7 32. Ke4 Ke6 33. Ng5+ Ke7
34. Nxh7 Ne6 35. f4 Bh6 36. f5 gxf5+ 37. gxf5 Nc7 38. Nf6 Bc1 39. b3 Bb2 40. c4
Na6 41. Nd5+ Kd7 42. h4 Bc1 43. h5 Bh6 44. Bf4 Bg7 45. h6 Bh8 46. h7 Nb8 47. e6+
fxe6 48. fxe6+ Kc8 49. Bxb8 Kxb8 50. e7 Kb7 51. e8=Q Bd4 52. Qd7+ Ka6 53. Nc7+
Ka5 54. Qb5# 1-0

[Event "ch-FRA Blitz Online Qual"]
[Site "Europe-Chess INT"]
[Date "2020.05.16"]
[Round "1"]
[White "Laville, Renaud"]
[Black "Jobava, Baadur"]
[Result "0-1"]
[BlackTitle "GM"]
[WhiteElo "1774"]
[BlackElo "2603"]
[WhiteFideId "640247"]
[BlackFideId "13601520"]
[EventDate "2020.05.16"]

1. d4 d5 2. Bf4 c6 3. e3 Bf5 4. c4 e6 5. Nc3 Nf6 6. Qb3 Qc8 7. Nf3 Nbd7 8. h3
Be7 9. Be2 O-O 10. O-O h6 11. Rac1 Nb6 12. cxd5 Nbxd5 13. Nxd5 exd5 14. a3 a5
15. Ne5 a4 16. Qd1 Nd7 17. Bd3 Nxe5 18. Bxe5 Bxd3 19. Qxd3 Ra6 20. Rfd1 Qe6 21.
Bg3 Rb6 22. Qc2 Ra8 23. Rb1 Raa6 24. Re1 Qe4 25. Qd2 Rb3 26. f3 Qd3 27. Qxd3
Rxd3 28. Bf2 Bf6 29. Rbd1 Rb3 30. Rd2 Rab6 31. Ree2 Bg5 32. f4 Bd8 33. g4 R6b5
34. Rc2 Kf8 35. Kg2 Ke8 36. e4 dxe4 37. Rxe4+ Kd7 38. f5 Rxb2 39. Ree2 Rxc2 40.
Rxc2 Be7 41. Rc4 Ra5 42. Be1 b5 43. Rc3 Ra8 44. Rd3 Bd6 45. d5 c5 46. Bf2 Re8
47. Rc3 c4 48. Re3 Rxe3 49. Bxe3 Bxa3 50. Kf3 c3 51. Ke4 c2 0-1

[Event "ch-FRA Blitz Online Qual"]
[Site "Europe-Chess INT"]
[Date "2020.05.16"]
[Round "1"]
[White "Bauer, Christian"]
[Black "Carlier-Bromberg, Paul"]
[Result "1-0"]
[WhiteTitle "GM"]
[WhiteElo "2623"]
[BlackElo "1790"]
[WhiteFideId "603767"]
[BlackFideId "36099155"]
[EventDate "2020.05.16"]

1. b3 d5 2. Bb2 c5 3. Nf3 Nc6 4. e3 f6 5. d4 e6 6. Be2 Bd7 7. O-O Nh6 8. c4 b6
9. cxd5 exd5 10. dxc5 Bxc5 11. Qxd5 Ne7 12. Qd2 Nf7 13. Rd1 Bg4 14. Bb5+ Kf8 15.
Qe2 Qc7 16. h3 Bxf3 17. Qxf3 Rd8 18. Nc3 Ne5 19. Qe2 Bb4 20. Rxd8+ Qxd8 21. Rd1
Qc7 22. Ne4 Kf7 23. a3 Bc5 24. b4 Bxe3 25. Nd6+ Kg6 26. Qxe3 Qc2 27. Qe4+ Qxe4
28. Nxe4 Rc8 29. Bxe5 fxe5 30. Rd6+ Kf7 31. Ng5+ Kf8 32. Nxh7+ Kg8 33. Ng5 Rc1+
34. Kh2 Nf5 35. Rd8# 1-0

[Event "ch-FRA Blitz Online Qual"]
[Site "Europe-Chess INT"]
[Date "2020.05.16"]
[Round "1"]
[White "Mamedov, Rauf"]
[Black "Chung, Mathilde"]
[Result "0-1"]
[WhiteTitle "GM"]
[BlackTitle "WFM"]
[WhiteElo "2654"]
[BlackElo "2083"]
[WhiteFideId "13401653"]
[BlackFideId "676446"]
[EventDate "2020.05.16"]

1. e4 c5 2. Nf3 Nc6 3. c3 e6 4. d4 d5 5. exd5 exd5 6. Bd3 Nf6 7. O-O Be7 8. dxc5
Bxc5 9. Nbd2 O-O 10. Nb3 Bb6 11. Re1 Bg4 12. Be3 Qc7 13. h3 Bh5 14. g4 Bg6 15.
Bxg6 fxg6 16. Kg2 Rad8 17. Nbd4 Ne4 18. Ne6 Qf7 19. Nxd8 Bxd8 20. Qe2 Bc7 21.
Rad1 Ne5 22. Nxe5 Bxe5 23. f3 Ng3 24. Bd4 Nxe2 0-1

[Event "ch-FRA Blitz Online Qual"]
[Site "Europe-Chess INT"]
[Date "2020.05.16"]
[Round "1"]
[White "Lagarde, Maxime"]
[Black "Ros, David"]
[Result "1-0"]
[WhiteTitle "GM"]
[WhiteElo "2655"]
[BlackElo "1767"]
[WhiteFideId "662399"]
[BlackFideId "36079103"]
[EventDate "2020.05.16"]

1. e4 e6 2. d4 d5 3. e5 c5 4. c3 Nc6 5. Nf3 Qb6 6. Be2 Bd7 7. O-O Nge7 8. dxc5
Qxc5 9. Be3 Qa5 10. b4 Qc7 11. Bd4 Nf5 12. a3 Be7 13. Bd3 Nfxd4 14. cxd4 Rc8 15.
Nbd2 h6 16. Nb3 b6 17. Rc1 Qb8 18. Re1 O-O 19. Bb1 a6 20. Qd3 g6 21. h4 Kh7 22.
h5 Rg8 23. hxg6+ fxg6 24. g3 b5 25. Kg2 Rcf8 26. Rh1 Rf5 27. Qe3 g5 28. g4 Qe8
29. gxf5 exf5 30. e6 1-0

[Event "ch-FRA Blitz Online Qual"]
[Site "Europe-Chess INT"]
[Date "2020.05.16"]
[Round "1"]
[White "LHeritier, Boris"]
[Black "Edouard, Romain"]
[Result "0-1"]
[BlackTitle "GM"]
[WhiteElo "1763"]
[BlackElo "2649"]
[WhiteFideId "26033003"]
[BlackFideId "633429"]
[EventDate "2020.05.16"]

1. d4 Nf6 2. Nf3 c5 3. g3 cxd4 4. Bg2 e5 5. O-O Nc6 6. c3 dxc3 7. Nxc3 d5 8. Qa4
Bd7 9. Rd1 Nd4 10. Rxd4 Bxa4 11. Rxa4 d4 12. Nd1 Bd6 13. e3 d3 14. Bd2 h6 15. b3
a5 16. Rc4 O-O 17. a4 Qb6 18. Rb1 Rac8 19. Rxc8 Rxc8 20. Nc3 Bb4 21. Na2 Bxd2
22. Nxd2 Rc2 23. Nc4 Rxc4 0-1

[Event "ch-FRA Blitz Online Qual"]
[Site "Europe-Chess INT"]
[Date "2020.05.16"]
[Round "1"]
[White "Gozzoli, Yannick"]
[Black "Siffert, Arman"]
[Result "1-0"]
[WhiteTitle "GM"]
[WhiteElo "2600"]
[BlackElo "1887"]
[WhiteFideId "616915"]
[BlackFideId "45125350"]
[EventDate "2020.05.16"]

1. d4 Nf6 2. Nf3 g6 3. Bg5 Bg7 4. Nbd2 d5 5. e3 O-O 6. Be2 c6 7. O-O Nbd7 8. c4
e6 9. b4 Qb6 10. a3 a5 11. c5 Qd8 12. b5 Re8 13. Bf4 Nh5 14. Bd6 Nhf6 15. Rb1
Bf8 16. Qc2 Kg7 17. h3 h6 18. Bh2 Kh7 19. a4 Bg7 20. Rb3 Ng8 21. e4 Ngf6 22. e5
Ng8 23. Bd3 Ne7 24. Re1 Nf5 25. Rbb1 Qe7 26. Kh1 Qd8 27. g4 Ne7 28. Bg3 Qc7 29.
h4 Ng8 30. h5 Ne7 31. Nh4 Nf8 32. f4 Bd7 33. b6 Qd8 34. Kh2 Qc8 35. Rf1 Qd8 36.
Nb3 Qc8 37. Ra1 Qd8 38. Qd2 f6 39. hxg6+ Nfxg6 40. Qc2 f5 41. Nxg6 Nxg6 42. gxf5
exf5 43. Bxf5 Bxf5 44. Qxf5 Rf8 45. Qh5 1-0

[Event "ch-FRA Blitz Online Qual"]
[Site "Europe-Chess INT"]
[Date "2020.05.16"]
[Round "1"]
[White "Kvashyna, Tetyana"]
[Black "Baklan, Vladimir"]
[Result "0-1"]
[BlackTitle "GM"]
[WhiteElo "1764"]
[BlackElo "2587"]
[WhiteFideId "641510"]
[BlackFideId "14102196"]
[EventDate "2020.05.16"]

1. d4 Nf6 2. Nf3 g6 3. c4 Bg7 4. Nc3 O-O 5. e4 d6 6. Be2 Bg4 7. Be3 Nfd7 8. h3
Bxf3 9. Bxf3 a6 10. O-O c5 11. d5 b5 12. cxb5 axb5 13. Nxb5 Bxb2 14. Rb1 Bg7 15.
a4 Qa5 16. Rb3 Qxa4 17. Ra3 Qxd1 18. Rxd1 Rxa3 19. Nxa3 Nb6 20. Nb5 N8d7 21. Rb1
Ra8 22. Nc7 Ra7 23. Nb5 Ra1 24. Rxa1 Bxa1 25. Kf1 Kf8 26. Ke2 Nc4 27. Bh6+ Bg7
28. Bf4 Nde5 29. Bxe5 Nxe5 30. Ke3 Bh6+ 31. Ke2 Ke8 32. g4 Bf4 33. Bg2 Kf8 34.
Nc3 Kg7 35. f3 Kh6 36. Nd1 Kg5 37. Ne3 Kh4 38. Nf1 c4 39. Ne3 Bxe3 40. Kxe3 Kg3
41. Bf1 Nxf3 42. Bxc4 Ne5 43. Bf1 g5 44. Ke2 h6 45. Ke3 f6 46. Ke2 Ng6 47. Ke3
Nf4 48. Kd4 Nxh3 0-1

[Event "ch-FRA Blitz Online Qual"]
[Site "Europe-Chess INT"]
[Date "2020.05.16"]
[Round "1"]
[White "Guseinov, Gadir"]
[Black "Salami, Reza"]
[Result "1-0"]
[WhiteTitle "GM"]
[WhiteElo "2665"]
[BlackElo "1882"]
[WhiteFideId "13401378"]
[BlackFideId "618659"]
[EventDate "2020.05.16"]

1. e4 e5 2. Nf3 Nc6 3. Bb5 a6 4. Bxc6 dxc6 5. O-O Bg4 6. h3 Bh5 7. g4 Bg6 8.
Nxe5 h5 9. Nxg6 fxg6 10. d3 Qh4 11. Qf3 O-O-O 12. Kg2 Nf6 13. g5 Nd7 14. Qg3
Qxg3+ 15. fxg3 h4 16. Bf4 hxg3 17. Nd2 Bd6 18. Nc4 Bxf4 19. Rxf4 Nc5 20. Raf1
Ne6 21. Rg4 Rhf8 22. Rxf8 Rxf8 23. Rxg3 Nd4 24. Ne3 Ne2 25. Rf3 Rxf3 26. Kxf3
Nd4+ 27. Kg4 Kd7 28. c3 Ne6 29. d4 b6 30. Nc4 Ke7 31. Ne5 c5 32. Nxg6+ Kd6 33.
d5 Nd8 34. h4 Nf7 35. h5 c4 36. Kf5 b5 37. Nf4 Ne5 38. h6 gxh6 39. gxh6 Nf7 40.
h7 1-0

[Event "ch-FRA Blitz Online Qual"]
[Site "Europe-Chess INT"]
[Date "2020.05.16"]
[Round "1"]
[White "Sere, Nicolas"]
[Black "Velten, Paul"]
[Result "0-1"]
[BlackTitle "GM"]
[WhiteElo "1753"]
[BlackElo "2480"]
[WhiteFideId "36014320"]
[BlackFideId "681091"]
[EventDate "2020.05.16"]

1. e4 e6 2. d4 d5 3. Nd2 Nf6 4. e5 Nfd7 5. f4 c5 6. c3 Nc6 7. Ndf3 Qb6 8. g3
cxd4 9. cxd4 Bb4+ 10. Kf2 f6 11. Kg2 f5 12. Be3 Ndb8 13. Bd3 Be7 14. Qe2 Bd7 15.
Bb5 Nb4 16. Bxd7+ Nxd7 17. a3 Na6 18. Nh3 Rc8 19. Rhc1 O-O 20. Nf2 Nab8 21. h3
Qa6 22. Qd2 Nb6 23. Qd3 Qa4 24. b3 Qd7 25. a4 Na8 26. g4 g6 27. h4 Nc6 28. h5
Nb4 29. Qe2 Rxc1 30. Rxc1 Rc8 31. hxg6 hxg6 32. gxf5 gxf5 33. Ng5 Bxg5 34. fxg5
Rxc1 35. Bxc1 Nc6 36. Be3 Nc7 37. Qh5 Qh7 38. Qxh7+ Kxh7 39. Kg3 Na6 40. Kh4
Nab4 41. Kh5 Nc2 42. g6+ Kg8 43. Kh6 Nxe3 44. g7 f4 45. Nh3 Nf5+ 46. Kg6 Nxg7 0-1

[Event "ch-FRA Blitz Online Qual"]
[Site "Europe-Chess INT"]
[Date "2020.05.16"]
[Round "1"]
[White "Schrefheere, Anthime"]
[Black "Vaisser, Anatoly"]
[Result "0-1"]
[BlackTitle "GM"]
[WhiteElo "1750"]
[BlackElo "2504"]
[WhiteFideId "657646"]
[BlackFideId "603252"]
[EventDate "2020.05.16"]

1. e4 e6 2. d3 d5 3. Nd2 Nf6 4. g3 b6 5. Bg2 Bb7 6. e5 Nfd7 7. d4 c5 8. c3 Nc6
9. Ne2 Ba6 10. Nb3 cxd4 11. cxd4 Nb4 12. O-O Rc8 13. Bd2 Nd3 14. Bc3 Be7 15.
Nbc1 Nxc1 16. Rxc1 O-O 17. Re1 Rc6 18. Qa4 b5 19. Qb3 Qb6 20. Bd2 Rfc8 21. Be3
Rc4 22. a3 Qa5 23. Red1 Nb6 24. Bd2 Qa4 25. Rc3 Qxb3 26. Rxb3 Rc2 27. Nc3 Nc4
28. Bc1 Na5 29. Rxb5 Bxb5 0-1

[Event "ch-FRA Blitz Online Qual"]
[Site "Europe-Chess INT"]
[Date "2020.05.16"]
[Round "1"]
[White "Gordon, Louis"]
[Black "Dourerassou, Jonathan"]
[Result "0-1"]
[BlackTitle "GM"]
[WhiteElo "1758"]
[BlackElo "2477"]
[WhiteFideId "45186162"]
[BlackFideId "628050"]
[EventDate "2020.05.16"]

1. d4 Nf6 2. Nf3 g6 3. c4 Bg7 4. Nc3 d5 5. cxd5 Nxd5 6. e4 Nxc3 7. bxc3 O-O 8.
Rb1 c5 9. Be2 Nc6 10. d5 Ne5 11. Nxe5 Bxe5 12. Qd2 e6 13. f4 Bc7 14. c4 Ba5 15.
O-O Bxd2 16. Bxd2 exd5 17. cxd5 Re8 18. Bf3 b6 19. Bc3 Bb7 20. Rbd1 b5 21. Rfe1
b4 22. Be5 Qb6 23. Kh1 Rad8 24. Be2 Ba6 25. Bxa6 Qxa6 26. Rc1 c4 27. Rc2 c3 28.
h3 Qd3 29. Rec1 Qxe4 30. d6 a5 31. a3 Rxe5 32. fxe5 Qxe5 33. axb4 axb4 0-1

[Event "ch-FRA Blitz Online Qual"]
[Site "Europe-Chess INT"]
[Date "2020.05.16"]
[Round "1"]
[White "Bailet, Pierre"]
[Black "Bourgeois, Ludovic"]
[Result "1-0"]
[WhiteTitle "IM"]
[WhiteElo "2500"]
[BlackElo "1748"]
[WhiteFideId "655830"]
[BlackFideId "690678"]
[EventDate "2020.05.16"]

1. e4 g6 2. d4 Bg7 3. Nf3 c5 4. d5 d6 5. c4 Nf6 6. Nc3 O-O 7. h3 e6 8. Bd3 exd5
9. exd5 Re8+ 10. Be3 Nbd7 11. O-O b6 12. Re1 Ba6 13. Qd2 Ne5 14. Nxe5 Rxe5 15.
Bf4 Re7 16. Rxe7 Qxe7 17. Re1 Qd7 18. b3 Re8 19. Rxe8+ Nxe8 20. Ne4 Be5 21. Bxe5
dxe5 22. Qg5 Kg7 23. Qxe5+ Kf8 24. d6 Ng7 25. Nf6 Qe6 26. Nxh7+ Kg8 27. Nf6+ Kf8
28. d7 Ke7 29. Qb8 Qe1+ 30. Bf1 Kxf6 31. d8=Q+ Kf5 32. Qd5+ Qe5 33. Qbxe5# 1-0

[Event "ch-FRA Blitz Online Qual"]
[Site "Europe-Chess INT"]
[Date "2020.05.16"]
[Round "1"]
[White "Guliyev, Namig"]
[Black "Le Bail, Stephane"]
[Result "1-0"]
[WhiteTitle "GM"]
[WhiteElo "2529"]
[BlackElo "1746"]
[WhiteFideId "13400363"]
[BlackFideId "655368"]
[EventDate "2020.05.16"]

1. e4 e5 2. Nf3 Nc6 3. Bb5 Bc5 4. O-O d6 5. c3 Bd7 6. d4 exd4 7. cxd4 Bb6 8. d5
Nce7 9. Bxd7+ Qxd7 10. Nc3 Nf6 11. Bg5 O-O-O 12. a4 a5 13. Qc2 Ng4 14. h3 Ne5
15. Nxe5 dxe5 16. Be3 Bxe3 17. fxe3 c6 18. Rxf7 Rdf8 19. Raf1 Rxf7 20. Rxf7 Qe8
21. Qf2 Ng6 22. Qf5+ Kb8 23. Rxg7 Nh4 24. Qf6 Ng6 25. dxc6 Qxc6 26. Qxc6 bxc6
27. g3 Nf8 28. h4 h5 29. Kg2 Ne6 30. Re7 Nc5 31. Rxe5 Nd3 32. Rxa5 Nxb2 33. Rf5
Nc4 34. Kf3 Kb7 35. e5 Kb6 36. e6 Nd6 37. Rf6 Re8 38. e7 Nc4 39. Kf4 Rxe7 40.
Nd5+ Ka5 41. Nxe7 Kxa4 42. Rxc6 Kb5 43. Rxc4 Kxc4 44. e4 Kc5 45. Nf5 Kc6 46. Ng7
Kd7 47. Nxh5 Ke6 48. g4 Kf7 49. g5 Kg6 50. Kg4 Kh7 51. Nf4 Kg7 52. Kf5 Kf7 53.
h5 Kg7 54. e5 Kf7 55. h6 Kg8 56. g6 Kf8 57. e6 Ke7 58. Ke5 Ke8 59. Kf6 Kf8 60.
h7 1-0

[Event "ch-FRA Blitz Online Qual"]
[Site "Europe-Chess INT"]
[Date "2020.05.16"]
[Round "1"]
[White "Sylvestre-Baron, Laurent"]
[Black "Terrieux, Kevin"]
[Result "0-1"]
[BlackTitle "IM"]
[WhiteElo "1728"]
[BlackElo "2448"]
[WhiteFideId "20698585"]
[BlackFideId "622591"]
[EventDate "2020.05.16"]

1. c4 e5 2. Nc3 Nc6 3. Nf3 g6 4. d4 exd4 5. Nxd4 Bg7 6. Be3 Nf6 7. f3 O-O 8. Bf2
d5 9. cxd5 Nxd5 10. e4 Nxc3 11. bxc3 Ne5 12. Be2 c5 13. Nc2 Qc7 14. O-O Rd8 15.
Qc1 Nd3 16. Bxd3 Rxd3 17. Be1 Be6 18. Ne3 Rad8 19. Rb1 Bxa2 20. Rb2 Be6 21. c4
Rxe3 22. Bg3 Qc6 23. Qxe3 Bd4 0-1

[Event "ch-FRA Blitz Online Qual"]
[Site "Europe-Chess INT"]
[Date "2020.05.16"]
[Round "1"]
[White "Levy, Kevin"]
[Black "Demuth, Adrien"]
[Result "0-1"]
[BlackTitle "GM"]
[WhiteElo "1740"]
[BlackElo "2492"]
[WhiteFideId "45128588"]
[BlackFideId "642274"]
[EventDate "2020.05.16"]

1. e4 c5 2. d4 cxd4 3. c3 dxc3 4. Nxc3 Nc6 5. Nf3 d6 6. Bc4 a6 7. O-O Nf6 8. Qe2
Bg4 9. Rd1 e6 10. h3 Bxf3 11. Qxf3 Be7 12. Qe2 O-O 13. Bf4 Qc7 14. Rac1 Rac8 15.
a3 Rfd8 16. b4 e5 17. Be3 Nd4 18. Bxd4 Qxc4 19. Bb6 Qxe2 20. Nxe2 Re8 21. f3 Rc6
22. Rxc6 bxc6 23. Ng3 g6 24. Nf1 Rb8 25. Ba5 d5 26. exd5 cxd5 27. Rc1 Ne8 28.
Rc6 Ra8 29. Bb6 d4 30. Nd2 f6 31. Ne4 Kf7 32. Bc5 f5 33. Nd2 Bxc5 34. Rxc5 Kf6
35. Kf2 Nd6 36. Rc7 Rc8 37. Rxh7 Rc2 38. Ke1 e4 39. fxe4 fxe4 40. Rh4 Kf5 41.
Kd1 Ra2 42. Nc4 Nxc4 0-1

[Event "ch-FRA Blitz Online Qual"]
[Site "Europe-Chess INT"]
[Date "2020.05.16"]
[Round "1"]
[White "Riff, Jean-Noel"]
[Black "Randrianarimanana, Alicia"]
[Result "1-0"]
[WhiteTitle "GM"]
[WhiteElo "2504"]
[BlackElo "1971"]
[WhiteFideId "611190"]
[BlackFideId "36034738"]
[EventDate "2020.05.16"]

1. e4 c5 2. Nf3 d6 3. Bb5+ Bd7 4. Bxd7+ Qxd7 5. O-O Nc6 6. c3 Nf6 7. Qe2 g6 8.
d4 Bg7 9. h3 O-O 10. e5 dxe5 11. dxe5 Nd5 12. Rd1 Rad8 13. Na3 Qc7 14. e6 Nf4
15. Bxf4 Qxf4 16. exf7+ Qxf7 17. Ng5 Rxd1+ 18. Rxd1 Qf5 19. Ne6 Be5 20. Nxf8
Kxf8 21. Nc4 Bc7 22. Ne3 Qf4 23. g3 Qh6 24. Kg2 g5 25. Ng4 Qg6 26. Qd3 Kg7 27.
Qxg6+ Kxg6 28. Ne3 e6 29. Nc4 b6 30. Nd6 Bb8 31. Ne4 Kf5 32. f3 e5 33. Rd7 h5
34. Rh7 Kg6 35. Rd7 Kf5 36. g4+ hxg4 37. hxg4+ Ke6 38. Rh7 Ne7 39. Nxg5+ Kf6 40.
Ne4+ Ke6 41. Rh6+ Kd5 42. g5 Nf5 43. Rf6 Ne3+ 44. Kh3 Nc4 45. b3 Nb2 46. g6 1-0

[Event "ch-FRA Blitz Online Qual"]
[Site "Europe-Chess INT"]
[Date "2020.05.16"]
[Round "1"]
[White "Billot, Daniel"]
[Black "Miralles, Gilles"]
[Result "0-1"]
[BlackTitle "GM"]
[WhiteElo "1679"]
[BlackElo "2418"]
[WhiteFideId "618004"]
[BlackFideId "600059"]
[EventDate "2020.05.16"]

1. e4 c6 2. Nf3 d5 3. exd5 cxd5 4. Ne5 Nc6 5. d4 Nf6 6. Bb5 Bd7 7. Bxc6 bxc6 8.
c3 g6 9. O-O Bg7 10. Qe2 O-O 11. Nd2 a5 12. Nb3 Ne4 13. f3 Nd6 14. Bf4 Be8 15.
Rac1 Qb6 16. Nc5 Ra7 17. Na4 Qb5 18. Qxb5 cxb5 19. Nc5 b4 20. Rfd1 Bb5 21. a3
bxa3 22. bxa3 Rc8 23. Ng4 Nc4 24. Nf2 Nxa3 25. Ra1 Nc4 0-1

[Event "ch-FRA Blitz Online Qual"]
[Site "Europe-Chess INT"]
[Date "2020.05.16"]
[Round "1"]
[White "Courjal, Pauline"]
[Black "Kurmann, Oliver"]
[Result "0-1"]
[BlackTitle "IM"]
[WhiteElo "1848"]
[BlackElo "2430"]
[WhiteFideId "45147841"]
[BlackFideId "1308173"]
[EventDate "2020.05.16"]

1. e4 c5 2. Nc3 e6 3. g3 Nc6 4. Bg2 g6 5. d3 Bg7 6. Be3 d6 7. Qd2 h5 8. h3 Nge7
9. Nge2 Nd4 10. f4 Rb8 11. O-O b5 12. a3 f5 13. exf5 gxf5 14. Kh2 Qd7 15. Ng1
Bb7 16. Bxb7 Qxb7 17. Rab1 Kf7 18. Qd1 Rbg8 19. Nf3 Nxf3+ 20. Qxf3 Qxf3 21. Rxf3
a6 22. Rg1 Nc6 23. Rd1 Bf6 24. Bc1 Nd4 25. Rf2 h4 26. Rg2 hxg3+ 27. Kh1 Rxh3+
28. Kg1 Rgh8 0-1

[Event "ch-FRA Blitz Online Qual"]
[Site "Europe-Chess INT"]
[Date "2020.05.16"]
[Round "1"]
[White "Parligras, Mircea-Emilian"]
[Black "Barraud, Mickael"]
[Result "1-0"]
[WhiteTitle "GM"]
[WhiteElo "2591"]
[BlackElo "1733"]
[WhiteFideId "1204297"]
[BlackFideId "696137"]
[EventDate "2020.05.16"]

1. d4 e6 2. c4 d5 3. Nf3 Nf6 4. Nc3 Be7 5. Bf4 O-O 6. e3 c5 7. dxc5 Bxc5 8. cxd5
Nxd5 9. Nxd5 Qxd5 10. Qxd5 exd5 11. Bd3 Bb4+ 12. Ke2 Nc6 13. h3 Be6 14. a3 Be7
15. Rac1 Rac8 16. Rhd1 Rfd8 17. Ng5 h6 18. Nxe6 fxe6 19. b4 Bf6 20. b5 Ne5 21.
a4 Nxd3 22. Kxd3 e5 23. Bg3 e4+ 24. Ke2 Kf7 25. Rxc8 Rxc8 26. Rxd5 Ke6 27. Rd6+
Ke7 28. Rd2 Rc4 29. Ra2 a6 30. bxa6 bxa6 31. f3 exf3+ 32. gxf3 g5 33. e4 Ke6 34.
Bf2 Bd4 35. Bxd4 Rxd4 36. Ke3 Ke5 37. a5 Rb4 38. Rc2 Rb5 39. Rc6 Rxa5 40. Rxh6
Ra3+ 41. Kf2 a5 42. Rg6 Kf4 43. Rf6+ Ke5 44. Rf5+ Ke6 45. Rxg5 a4 46. Ra5 Ra2+
47. Kg3 a3 48. Kf4 Ra1 49. Ra6+ Kf7 50. Kf5 a2 51. f4 Rh1 52. Rxa2 Rxh3 53. Ra7+
Kf8 54. e5 Rh6 55. Kg5 Rb6 56. f5 Ke8 57. e6 Kd8 58. Kf6 Rb5 59. Ra8+ Kc7 60. e7
Rb6+ 61. Kf7 1-0

[Event "ch-FRA Blitz Online Qual"]
[Site "Europe-Chess INT"]
[Date "2020.05.16"]
[Round "1"]
[White "Duvert, Francois"]
[Black "Wirig, Anthony"]
[Result "0-1"]
[BlackTitle "GM"]
[WhiteElo "1729"]
[BlackElo "2499"]
[WhiteFideId "36072877"]
[BlackFideId "615013"]
[EventDate "2020.05.16"]

1. d4 Nf6 2. Bf4 g6 3. e3 Bg7 4. Nc3 d6 5. h4 h6 6. Qd2 Nbd7 7. O-O-O c6 8. Nf3
b5 9. Bd3 Qa5 10. Kb1 b4 11. Ne4 Rb8 12. Bxd6 Nxe4 13. Bxe4 exd6 14. Bxc6 O-O
15. h5 g5 16. e4 Nb6 17. e5 dxe5 18. dxe5 Nc4 19. Qd3 Nxe5 20. Nxe5 Qxe5 21.
Rhe1 Qxb2# 0-1

[Event "ch-FRA Blitz Online Qual"]
[Site "Europe-Chess INT"]
[Date "2020.05.16"]
[Round "1"]
[White "Alaime, Maxime"]
[Black "Marcelin, Cyril"]
[Result "0-1"]
[BlackTitle "GM"]
[WhiteElo "1834"]
[BlackElo "2444"]
[WhiteFideId "36045403"]
[BlackFideId "607274"]
[EventDate "2020.05.16"]

1. e4 g6 2. d4 c6 3. Nc3 d5 4. e5 Bg7 5. Nf3 f6 6. Bd3 Nh6 7. Qe2 O-O 8. h4 Bg4
9. h5 g5 10. Bd2 Nd7 11. e6 Nb6 12. O-O-O Qd6 13. Rde1 Nf5 14. Bxf5 Bxf5 15. h6
Bh8 16. Bxg5 fxg5 17. Nxg5 Qf4+ 18. Qe3 Qxe3+ 19. Rxe3 Bxd4 20. Rg3 Be5 21. f4
Bxf4+ 0-1

[Event "ch-FRA Blitz Online Qual"]
[Site "Europe-Chess INT"]
[Date "2020.05.16"]
[Round "1"]
[White "Garde, Guillaume"]
[Black "Joie, Sebastien"]
[Result "0-1"]
[BlackTitle "IM"]
[WhiteElo "1716"]
[BlackElo "2393"]
[WhiteFideId "45138273"]
[BlackFideId "650420"]
[EventDate "2020.05.16"]

1. e4 c6 2. d4 d5 3. Nc3 dxe4 4. Nxe4 Nf6 5. Nxf6+ exf6 6. c3 Bd6 7. Bd3 O-O 8.
Qc2 Re8+ 9. Ne2 h5 10. O-O h4 11. Bf4 Na6 12. Bxd6 Qxd6 13. Rfe1 Nc7 14. Qd2 Be6
15. Qf4 Qxf4 16. Nxf4 Rad8 17. a3 Nd5 18. Nxd5 Bxd5 19. h3 b5 20. f3 g6 21. Kf2
f5 22. Rxe8+ Rxe8 23. Re1 Rxe1 24. Kxe1 a5 25. Kf2 Kg7 26. Ke3 Kf6 27. b4 a4 28.
Be2 g5 29. Kf2 Ke6 30. Bd3 Kf6 31. Be2 Be6 32. Ke3 f4+ 33. Kf2 Bb3 34. Bd3 Ke6
35. Be4 Bd5 36. Bd3 Kd6 37. Bc2 Ke6 38. Bd3 Kf6 39. Bc2 Be6 40. Bd3 Bf5 41. Bxf5
Kxf5 42. Ke2 Ke6 43. Kd3 Kd5 44. Kd2 Kc4 45. Kc2 f6 46. Kb2 Kd3 47. d5 cxd5 48.
c4 dxc4 0-1

[Event "ch-FRA Blitz Online Qual"]
[Site "Europe-Chess INT"]
[Date "2020.05.16"]
[Round "1"]
[White "Suarez Real, Alberto"]
[Black "Ibrouchene, Christophe"]
[Result "1-0"]
[WhiteTitle "IM"]
[WhiteElo "2448"]
[BlackElo "1797"]
[WhiteFideId "2218534"]
[BlackFideId "45110786"]
[EventDate "2020.05.16"]

1. e4 d5 2. exd5 Nf6 3. Nf3 Bg4 4. h3 Bh5 5. c4 c6 6. g4 Bg6 7. dxc6 Nxc6 8. d4
e6 9. Bg2 Bd6 10. Nc3 a6 11. O-O Qc7 12. d5 exd5 13. g5 Ne4 14. Nxd5 Qd8 15. Be3
O-O 16. Re1 Rb8 17. Rc1 Nc5 18. Nh4 Ne6 19. Qg4 Nb4 20. Nxb4 Bxb4 21. Red1 Qc7
22. a3 Be7 23. Nxg6 hxg6 24. Bd5 Nc5 25. b4 Na4 26. c5 Rbd8 27. Bb3 Qc6 28. Qg2
Qb5 29. Qe4 Rxd1+ 30. Rxd1 Nxc5 31. Qxe7 Nxb3 32. Rd7 Qe2 33. Rxb7 Na1 34. Rd7
Qf3 35. Rd8 Qe2 36. Qxf8+ Kh7 37. Qh8# 1-0

[Event "ch-FRA Blitz Online Qual"]
[Site "Europe-Chess INT"]
[Date "2020.05.16"]
[Round "1"]
[White "Villevieille, Lucas"]
[Black "Polivanov, Anatoliy"]
[Result "0-1"]
[BlackTitle "IM"]
[WhiteElo "1713"]
[BlackElo "2452"]
[WhiteFideId "36022349"]
[BlackFideId "14109468"]
[EventDate "2020.05.16"]

1. d4 e6 2. c4 f5 3. Nc3 Nf6 4. Bg5 h6 5. Bxf6 Qxf6 6. e4 fxe4 7. Nxe4 Bb4+ 8.
Nc3 O-O 9. Nf3 c5 10. Qd2 Nc6 11. d5 Nd4 12. Be2 exd5 13. cxd5 Re8 14. Ng1 d6
15. O-O-O Bf5 16. h3 a5 17. Bd3 a4 18. Bxf5 Qxf5 19. a3 Nb3# 0-1